00452nam a22001457a 450000500170000000800410001704100130005808200140007110000230008524500700010825000190017826000570019730000260025465000260028020231115092217.0231115b |||||||| |||| 00| 0 eng d aEnglish  a344.4 MAN aMann, A lEnglish  aThe Medical Assessment of Injuries for Legal Purposes / cA Mann  aSecond Edition aDurban : bButterworth and Company (Pty) Ltd, c1971 b314 pages ; c26 cm.  aLegal practice bLaw